[Event "World Chess Olympiad 2018"]
[Site "Batumi"]
[Date "2018.10.03"]
[Round "9"]
[Board "2"]
[WhiteFideId "405647"]
[White "Hague Ben"]
[BlackFideId "7700512"]
[Black "Cupid Kevin"]
[Result "1-0"]
[LiveChessVersion "1.4.8"]
[BlackElo "2124"]
[WhiteElo "2405"]

1. d4 c6 {[%clk 1:31:00]} 2. e4 {[%clk 1:31:15]} d5 3. Nc3 {[%clk 1:31:36]} dxe4
{[%clk 1:31:58]} 4. Nxe4 {[%clk 1:31:58]} Nf6 {[%clk 1:31:31]} 5. Nxf6+
{[%clk 1:31:35]} exf6 {[%clk 1:31:59]} 6. c3 {[%clk 1:30:23]} Bd6
{[%clk 1:32:11]} 7. Bd3 {[%clk 1:30:27]} Qe7+ {[%clk 1:32:19]} 8. Ne2
{[%clk 1:30:08]} Qc7 {[%clk 1:32:18]} 9. Qc2 {[%clk 1:27:33]} Be6
{[%clk 1:32:30]} 10. Bd2 {[%clk 1:23:01]} Nd7 {[%clk 1:32:44]} 11. c4
{[%clk 1:15:07]} Nf8 {[%clk 1:31:50]} 12. O-O-O {[%clk 1:10:48]} Ng6
{[%clk 1:30:42]} 13. g3 {[%clk 1:07:09]} O-O {[%clk 1:27:59]} 14. h4
{[%clk 1:04:10]} Rfe8 {[%clk 1:28:17]} 15. h5 {[%clk 0:57:52]} Nf8
{[%clk 1:28:44]} 16. f3 {[%clk 0:54:16]} c5 {[%clk 1:22:58]} 17. d5
{[%clk 0:49:02]} Bxd5 {[%clk 1:22:19]} 18. cxd5 {[%clk 0:47:09]} c4
{[%clk 1:22:48]} 19. Be4 {[%clk 0:35:27]} f5 {[%clk 1:22:57]} 20. h6
{[%clk 0:35:27]} g6 {[%clk 1:21:47]} 21. Nc3 {[%clk 0:32:22]} fxe4
{[%clk 1:21:33]} 22. Nb5 {[%clk 0:32:19]} Qb6 {[%clk 1:20:33]} 23. Nxd6
{[%clk 0:32:26]} Qxd6 {[%clk 1:21:01]} 24. Bf4 {[%clk 0:27:53]} Qa6
{[%clk 1:19:48]} 25. Kb1 {[%clk 0:26:51]} b5 {[%clk 0:49:56]} 26. fxe4
{[%clk 0:24:55]} b4 {[%clk 0:48:27]} 27. Rd4 {[%clk 0:23:43]} Rac8
{[%clk 0:43:43]} 28. Rc1 {[%clk 0:23:08]} c3 {[%clk 0:14:31]} 29. Rxb4
{[%clk 0:22:50]} Nd7 {[%clk 0:12:39]} 30. bxc3 {[%clk 0:20:38]} Nc5
{[%clk 0:11:18]} 31. Rd1 {[%clk 0:19:47]} g5 {[%clk 0:09:31]} 32. Be3
{[%clk 0:17:40]} Qxh6 {[%clk 0:08:29]} 33. d6 {[%clk 0:15:17]} Nd7
{[%clk 0:06:53]} 34. Rb5 {[%clk 0:12:27]} Rb8 {[%clk 0:06:31]} 35. Rxb8
{[%clk 0:12:34]} Rxb8+ {[%clk 0:06:50]} 36. Ka1 {[%clk 0:12:57]} Qf6
{[%clk 0:04:04]} 37. Bd4 {[%clk 0:10:45]} Qe6 {[%clk 0:04:08]} 38. Bxa7
{[%clk 0:06:00]} Ra8 {[%clk 0:04:06]} 39. Be3 {[%clk 0:06:16]} h6
{[%clk 0:02:56]} 40. Rd2 {[%clk 0:31:22]} Qh3 {[%clk 0:30:34]} 41. Bf2
{[%clk 0:29:32]} Qf1+ {[%clk 0:27:58]} 42. Rd1 {[%clk 0:28:17]} Qc4
{[%clk 0:28:26]} 43. Bd4 {[%clk 0:28:00]} Qe6 {[%clk 0:27:33]} 44. e5
{[%clk 0:21:16]} Kg7 {[%clk 0:14:43]} 45. Qe2 {[%clk 0:17:52]} Ra5
{[%clk 0:13:29]} 46. Rd2 {[%clk 0:17:25]} Kg8 {[%clk 0:06:53]} 47. Qf3
{[%clk 0:15:07]} Ra3 {[%clk 0:02:50]} 48. g4 {[%clk 0:09:52]} Nf8
{[%clk 0:00:35]} 49. Qf6 {[%clk 0:07:11]} Qxf6 {[%clk 0:00:34]} 50. exf6
{[%clk 0:07:35]} Ra6 {[%clk 0:00:40]} 51. Bc5 {[%clk 0:07:28]} Rc6
{[%clk 0:00:56]} 52. Bb4 {[%clk 0:07:10]} Nd7 {[%clk 0:01:25]} 53. Re2
{[%clk 0:07:15]} Rb6 {[%clk 0:00:31]} 54. Re7 {[%clk 0:04:20]} Nxf6
{[%clk 0:00:58]} 55. d7 {[%clk 0:04:37]} Rb8 {[%clk 0:00:44]} 56. Ba5
{[%clk 0:04:58]} Nxd7 {[%clk 0:00:42]} 57. Rxd7 {[%clk 0:05:22]} Kg7
{[%clk 0:00:49]} 58. c4 {[%clk 0:05:01]} Re8 {[%clk 0:00:40]} 59. c5
{[%clk 0:04:42]} Rc8 {[%clk 0:00:57]} 60. Bc3+ {[%clk 0:04:48]} Kf8
{[%clk 0:01:22]} 61. Bf6 {[%clk 0:04:41]} 1-0

[Event "World Chess Olympiad 2018"]
[Site "Batumi"]
[Date "2018.10.03"]
[Round "9"]
[Board "3"]
[WhiteFideId "7700156"]
[White "Harper Ryan"]
[BlackFideId "4300084"]
[Black "Ker Anthony F"]
[Result "0-1"]
[LiveChessVersion "1.4.8"]
[BlackElo "2315"]
[WhiteElo "2226"]

1. e4 {[%clk 1:30:58]} c5 {[%clk 1:30:53]} 2. Nf3 {[%clk 1:31:20]} g6
{[%clk 1:31:13]} 3. d4 {[%clk 1:31:45]} cxd4 {[%clk 1:31:35]} 4. Nxd4
{[%clk 1:32:10]} Nc6 {[%clk 1:31:55]} 5. Nc3 {[%clk 1:32:32]} Bg7
{[%clk 1:32:14]} 6. Be3 {[%clk 1:32:59]} Nf6 {[%clk 1:32:34]} 7. Bc4
{[%clk 1:32:39]} O-O {[%clk 1:32:53]} 8. Bb3 {[%clk 1:32:09]} a5 {[%clk 1:33:01]}
9. O-O {[%clk 1:30:10]} d6 {[%clk 1:33:11]} 10. f3 {[%clk 1:25:46]} Nxd4
{[%clk 1:30:58]} 11. Bxd4 {[%clk 1:26:08]} Bd7 {[%clk 1:31:21]} 12. a4
{[%clk 1:25:24]} Bc6 {[%clk 1:31:12]} 13. Re1 {[%clk 1:06:12]} Nd7
{[%clk 1:28:24]} 14. Nd5 {[%clk 0:50:18]} Nc5 {[%clk 1:06:15]} 15. Ra3
{[%clk 0:46:51]} Rc8 {[%clk 1:00:29]} 16. Bxg7 {[%clk 0:36:21]} Kxg7
{[%clk 1:00:52]} 17. c3 {[%clk 0:35:46]} Kg8 {[%clk 0:59:04]} 18. Qd4
{[%clk 0:31:09]} Re8 {[%clk 0:53:53]} 19. Bc2 {[%clk 0:23:35]} Bxd5
{[%clk 0:51:38]} 20. exd5 {[%clk 0:22:45]} Qc7 {[%clk 0:49:20]} 21. Bb3
{[%clk 0:15:48]} Nd7 {[%clk 0:47:29]} 22. Ba2 {[%clk 0:15:20]} Qc5
{[%clk 0:46:16]} 23. Rd1 {[%clk 0:12:35]} Rc7 {[%clk 0:32:57]} 24. Rb3
{[%clk 0:06:51]} Rec8 {[%clk 0:30:12]} 25. Rb5 {[%clk 0:06:16]} Qxd4+
{[%clk 0:30:29]} 26. Rxd4 {[%clk 0:06:44]} b6 {[%clk 0:30:43]} 27. Kf2
{[%clk 0:05:31]} Kf8 {[%clk 0:27:24]} 28. Ke2 {[%clk 0:05:35]} Rc5
{[%clk 0:27:02]} 29. Bb1 {[%clk 0:02:58]} Rxb5 {[%clk 0:19:11]} 30. axb5
{[%clk 0:03:25]} Rc5 {[%clk 0:18:24]} 31. Bd3 {[%clk 0:03:31]} Ne5
{[%clk 0:18:14]} 32. c4 {[%clk 0:01:45]} Rc7 {[%clk 0:18:03]} 33. Kd2
{[%clk 0:01:25]} Nd7 {[%clk 0:17:24]} 34. Rh4 {[%clk 0:01:32]} Kg7
{[%clk 0:17:39]} 35. Re4 {[%clk 0:01:40]} Nc5 {[%clk 0:17:44]} 36. Re1
{[%clk 0:01:49]} e5 {[%clk 0:17:33]} 37. dxe6 {[%clk 0:01:35]} fxe6
{[%clk 0:17:54]} 38. Bf1 {[%clk 0:01:33]} g5 {[%clk 0:17:41]} 39. Bd3
{[%clk 0:01:17]} Kf6 {[%clk 0:17:21]} 40. Bc2 {[%clk 0:31:30]} h6
{[%clk 0:46:36]} 41. Re2 {[%clk 0:22:11]} e5 {[%clk 0:44:28]} 42. Be4
{[%clk 0:21:13]} Nb3+ {[%clk 0:44:08]} 43. Kc3 {[%clk 0:18:07]} Nd4
{[%clk 0:44:30]} 44. Re1 {[%clk 0:17:34]} Nxb5+ {[%clk 0:44:40]} 45. Kd3
{[%clk 0:17:51]} Nd4 {[%clk 0:44:47]} 46. g3 {[%clk 0:17:00]} Ne6
{[%clk 0:43:23]} 47. Bd5 {[%clk 0:16:51]} Nc5+ {[%clk 0:43:06]} 48. Kd2
{[%clk 0:16:37]} Na4 {[%clk 0:40:33]} 49. Rb1 {[%clk 0:14:20]} Nc5
{[%clk 0:36:22]} 50. Rh1 {[%clk 0:10:21]} Na6 {[%clk 0:31:12]} 51. h4
{[%clk 0:08:50]} Nb4 {[%clk 0:31:36]} 52. hxg5+ {[%clk 0:08:57]} Kxg5
{[%clk 0:31:58]} 53. Be6 {[%clk 0:06:16]} Nc6 {[%clk 0:25:21]} 54. f4+
{[%clk 0:03:04]} Kg6 {[%clk 0:24:15]} 55. Bd5 {[%clk 0:03:26]} Nd4
{[%clk 0:22:57]} 56. Kd3 {[%clk 0:03:00]} Nb3 {[%clk 0:17:42]} 57. fxe5
{[%clk 0:01:01]} dxe5 {[%clk 0:18:05]} 58. Ke4 {[%clk 0:01:03]} Re7
{[%clk 0:18:22]} 59. Ke3 {[%clk 0:01:00]} Nc5 {[%clk 0:18:05]} 60. Rb1
{[%clk 0:01:20]} a4 {[%clk 0:17:41]} 61. Be4+ {[%clk 0:00:53]} Kg5
{[%clk 0:14:28]} 62. Rd1 {[%clk 0:00:58]} Rd7 {[%clk 0:13:54]} 63. Bd5
{[%clk 0:00:56]} Rd6 {[%clk 0:13:07]} 64. Rh1 {[%clk 0:00:55]} e4
{[%clk 0:10:03]} 65. Re1 {[%clk 0:00:40]} Kg4 {[%clk 0:08:54]} 66. Rh1
{[%clk 0:00:47]} Rf6 {[%clk 0:07:29]} 67. Kd4 {[%clk 0:00:39]} Kxg3
{[%clk 0:06:58]} 68. Ke5 {[%clk 0:00:45]} Rf8 {[%clk 0:04:30]} 69. Rxh6
{[%clk 0:00:47]} Re8+ {[%clk 0:04:50]} 70. Kd4 {[%clk 0:01:08]} e3
{[%clk 0:05:08]} 71. Rg6+ {[%clk 0:01:03]} Kf4 {[%clk 0:04:59]} 72. Rf6+
{[%clk 0:01:09]} Kg5 {[%clk 0:04:43]} 73. Rf1 {[%clk 0:01:36]} e2
{[%clk 0:04:54]} 74. Re1 {[%clk 0:01:52]} Kg4 {[%clk 0:03:55]} 75. Kc3
{[%clk 0:00:47]} Kg3 {[%clk 0:04:09]} 76. Kd2 {[%clk 0:00:40]} Kf2
{[%clk 0:04:32]} 77. Bf7 {[%clk 0:00:57]} Rd8+ {[%clk 0:04:32]} 78. Bd5
{[%clk 0:01:21]} Nb3+ {[%clk 0:04:47]} 0-1

[Event "World Chess Olympiad 2018"]
[Site "Batumi"]
[Date "2018.10.03"]
[Round "9"]
[Board "4"]
[WhiteFideId "4303962"]
[White "Gong Daniel Hanwen"]
[BlackFideId "7700750"]
[Black "Winter Atwell Adrian"]
[Result "1-0"]
[LiveChessVersion "1.4.8"]
[BlackElo "2221"]
[WhiteElo "2276"]

1. d4 {[%clk 1:30:57]} d5 {[%clk 1:30:15]} 2. Bf4 {[%clk 1:31:23]} Nf6
{[%clk 1:30:07]} 3. e3 {[%clk 1:31:46]} c5 {[%clk 1:30:09]} 4. Nf3
{[%clk 1:32:10]} Nc6 {[%clk 1:30:04]} 5. Nbd2 {[%clk 1:32:34]} Qb6
{[%clk 1:29:45]} 6. dxc5 {[%clk 1:33:01]} Qxb2 {[%clk 1:28:42]} 7. Rb1
{[%clk 1:33:24]} Qc3 {[%clk 1:28:14]} 8. Bb5 {[%clk 1:33:46]} e6 {[%clk 1:25:00]}
9. O-O {[%clk 1:34:06]} Qa5 {[%clk 1:18:10]} 10. c4 {[%clk 1:28:53]} Bxc5
{[%clk 1:13:28]} 11. Ne5 {[%clk 1:26:31]} Bd7 {[%clk 1:13:20]} 12. Nb3
{[%clk 1:26:24]} Qa3 {[%clk 1:13:25]} 13. Nxd7 {[%clk 1:24:31]} Kxd7
{[%clk 1:02:24]} 14. e4 {[%clk 1:23:28]} Nxe4 {[%clk 0:53:17]} 15. cxd5
{[%clk 1:23:44]} Rhd8 {[%clk 0:53:34]} 16. Nxc5+ {[%clk 1:20:37]} Qxc5
{[%clk 0:53:57]} 17. dxc6+ {[%clk 1:21:02]} Ke7 {[%clk 0:54:19]} 18. Qf3
{[%clk 1:18:59]} bxc6 {[%clk 0:48:07]} 19. Qxe4 {[%clk 1:19:16]} cxb5
{[%clk 0:47:45]} 20. Rbc1 {[%clk 1:19:36]} Qf5 {[%clk 0:46:19]} 21. Qb4+
{[%clk 1:19:24]} Ke8 {[%clk 0:45:47]} 22. Rc7 {[%clk 1:19:44]} Rd7
{[%clk 0:45:47]} 23. Rxd7 {[%clk 1:20:11]} Kxd7 {[%clk 0:46:01]} 24. Qd6+ 1-0

[Event "World Chess Olympiad 2018"]
[Site "Batumi"]
[Date "2018.10.03"]
[Round "9"]
[Board "1"]
[WhiteFideId "11800020"]
[White "Rossini Paul"]
[BlackFideId "7603991"]
[Black "Gnaam Koteba."]
[Result "0-1"]
[LiveChessVersion "1.4.8"]
[BlackElo "2061"]
[WhiteElo "1678"]

1. e4 {[%clk 1:30:54]} c5 {[%clk 1:30:50]} 2. Nf3 {[%clk 1:31:15]} d6
{[%clk 1:31:10]} 3. Nc3 {[%clk 1:31:27]} Nf6 {[%clk 1:31:27]} 4. h3
{[%clk 1:30:31]} e6 {[%clk 1:30:28]} 5. Be2 {[%clk 1:28:47]} Nc6 {[%clk 1:29:50]}
6. O-O {[%clk 1:28:03]} Nd4 {[%clk 1:27:36]} 7. Bc4 {[%clk 1:25:38]} Be7
{[%clk 1:25:02]} 8. Re1 {[%clk 1:25:21]} a6 {[%clk 1:24:37]} 9. a4
{[%clk 1:25:32]} O-O {[%clk 1:22:58]} 10. d3 {[%clk 1:24:40]} d5 {[%clk 1:17:23]}
11. Ba2 {[%clk 1:21:07]} Re8 {[%clk 1:16:11]} 12. e5 {[%clk 1:20:00]} Nd7
{[%clk 1:13:01]} 13. Nxd4 {[%clk 1:11:39]} cxd4 {[%clk 1:13:12]} 14. Nb1
{[%clk 1:12:04]} Qc7 {[%clk 1:11:33]} 15. f4 {[%clk 1:02:34]} Nf8
{[%clk 1:03:31]} 16. Rf1 {[%clk 0:59:18]} Bd7 {[%clk 1:03:21]} 17. Bb3
{[%clk 0:59:12]} Ng6 {[%clk 1:01:35]} 18. Nd2 {[%clk 0:58:17]} f6
{[%clk 0:57:50]} 19. Nf3 {[%clk 0:46:45]} fxe5 {[%clk 0:56:26]} 20. fxe5
{[%clk 0:46:42]} Rf8 {[%clk 0:52:14]} 21. Qe2 {[%clk 0:42:39]} Rf5
{[%clk 0:48:24]} 22. Re1 {[%clk 0:35:50]} Raf8 {[%clk 0:48:18]} 23. Bd2
{[%clk 0:32:04]} Bh4 {[%clk 0:29:30]} 24. Nxh4 Nxh4 {[%clk 0:29:43]} 25. Rf1
{[%clk 0:25:02]} Ng6 {[%clk 0:19:34]} 26. Bb4 {[%clk 0:20:18]} Rxf1+
{[%clk 0:11:06]} 27. Rxf1 {[%clk 0:20:37]} Rxf1+ {[%clk 0:11:28]} 28. Qxf1
{[%clk 0:20:58]} Qxe5 {[%clk 0:11:05]} 29. Qf2 {[%clk 0:18:30]} Nf4
{[%clk 0:07:20]} 30. Kh1 {[%clk 0:18:01]} h5 {[%clk 0:06:08]} 31. Qg3
{[%clk 0:16:43]} Qe3 {[%clk 0:02:59]} 32. Qe1 {[%clk 0:08:45]} Ne2
{[%clk 0:02:16]} 33. Bd2 Ng3+ {[%clk 0:00:57]} 34. Kh2 {[%clk 0:08:36]} Qxe1
{[%clk 0:00:58]} 35. Bxe1 {[%clk 0:08:53]} Nf5 {[%clk 0:00:51]} 36. Bf2
{[%clk 0:07:47]} h4 {[%clk 0:00:51]} 37. a5 {[%clk 0:05:45]} Kf7 {[%clk 0:01:00]}
38. g4 {[%clk 0:35:37]} hxg3+ {[%clk 0:31:05]} 39. Bxg3 {[%clk 0:36:01]} Nxg3
{[%clk 0:31:03]} 40. Kxg3 {[%clk 0:36:24]} Bb5 {[%clk 0:31:09]} 41. Kg4
{[%clk 0:34:09]} Kf6 {[%clk 0:30:09]} 42. h4 {[%clk 0:34:12]} Bd7
{[%clk 0:28:14]} 43. Kg3 {[%clk 0:33:29]} Bc6 {[%clk 0:26:24]} 44. c3
{[%clk 0:29:20]} dxc3 {[%clk 0:24:22]} 45. bxc3 {[%clk 0:29:41]} Kf5
{[%clk 0:22:21]} 46. Bc2 {[%clk 0:28:28]} e5 {[%clk 0:22:25]} 47. Bd1
{[%clk 0:27:22]} Ke6 {[%clk 0:19:38]} 48. Bb3 {[%clk 0:27:02]} Kd6
{[%clk 0:19:36]} 49. Kg4 {[%clk 0:26:14]} e4 {[%clk 0:17:20]} 50. dxe4
{[%clk 0:23:58]} dxe4 {[%clk 0:17:43]} 51. Kf4 {[%clk 0:24:19]} Kc5
{[%clk 0:16:37]} 52. Bc2 {[%clk 0:23:34]} Kb5 {[%clk 0:12:51]} 53. Bxe4
{[%clk 0:23:37]} Bxe4 {[%clk 0:12:58]} 54. Kxe4 {[%clk 0:24:00]} Kxa5
{[%clk 0:13:25]} 55. Kf5 {[%clk 0:24:22]} Kb5 {[%clk 0:13:46]} 56. Kg6
{[%clk 0:24:27]} a5 {[%clk 0:14:12]} 57. Kxg7 {[%clk 0:24:40]} a4
{[%clk 0:14:36]} 58. h5 {[%clk 0:22:26]} a3 {[%clk 0:14:59]} 0-1

[Event "World Chess Olympiad 2018"]
[Site "Batumi"]
[Date "2018.10.03"]
[Round "9"]
[Board "2"]
[WhiteFideId "7601948"]
[White "Chekh Adm Khedr Aram"]
[BlackFideId "11800011"]
[Black "Berardi Giancarlo"]
[Result "1-0"]
[LiveChessVersion "1.4.8"]
[BlackElo "1766"]
[WhiteElo "2171"]

1. e4 {[%clk 1:30:58]} c5 {[%clk 1:30:45]} 2. Nf3 {[%clk 1:31:23]} Nc6
{[%clk 1:30:31]} 3. d4 {[%clk 1:31:47]} cxd4 {[%clk 1:30:35]} 4. Nxd4
{[%clk 1:32:09]} g6 {[%clk 1:30:48]} 5. c4 {[%clk 1:32:16]} Bg7 {[%clk 1:30:49]}
6. Be3 {[%clk 1:32:45]} Nf6 {[%clk 1:30:26]} 7. Nc3 {[%clk 1:33:13]} d6
{[%clk 1:29:27]} 8. Be2 {[%clk 1:33:33]} O-O {[%clk 1:29:26]} 9. O-O
{[%clk 1:33:52]} a5 {[%clk 1:29:35]} 10. Qd2 {[%clk 1:34:05]} Nxd4
{[%clk 1:29:35]} 11. Bxd4 {[%clk 1:34:33]} Bd7 {[%clk 1:29:21]} 12. f4
{[%clk 1:28:41]} Bc6 {[%clk 1:28:23]} 13. Qe3 {[%clk 1:29:05]} Nd7
{[%clk 1:28:25]} 14. e5 {[%clk 1:23:56]} dxe5 {[%clk 1:25:41]} 15. fxe5
{[%clk 1:24:24]} e6 {[%clk 1:25:41]} 16. Bd3 {[%clk 1:19:02]} Qc7
{[%clk 1:24:38]} 17. Rae1 {[%clk 1:19:26]} a4 {[%clk 1:19:49]} 18. c5
{[%clk 1:11:34]} Rfb8 {[%clk 1:07:31]} 19. Qf4 {[%clk 1:00:19]} Rf8
{[%clk 1:06:02]} 20. Qe3 {[%clk 0:59:12]} Rfb8 {[%clk 1:06:05]} 21. b4
{[%clk 0:48:12]} axb3 {[%clk 1:02:47]} 22. axb3 {[%clk 0:47:41]} b5
{[%clk 1:02:31]} 23. b4 {[%clk 0:47:58]} Qb7 {[%clk 0:57:56]} 24. Qf2
{[%clk 0:40:14]} Rf8 {[%clk 0:57:45]} 25. Qe2 {[%clk 0:40:35]} Rfb8
{[%clk 0:53:48]} 26. Rf2 {[%clk 0:33:58]} Ra3 {[%clk 0:29:15]} 27. Ref1
{[%clk 0:22:36]} Rf8 {[%clk 0:24:59]} 28. Bxb5 {[%clk 0:17:44]} Rb3
{[%clk 0:24:34]} 29. Bxc6 {[%clk 0:17:55]} Qxc6 {[%clk 0:23:08]} 30. Qc4
{[%clk 0:18:18]} Ra3 {[%clk 0:15:43]} 31. Re2 {[%clk 0:13:54]} Nb6
{[%clk 0:15:27]} 32. Qb5 {[%clk 0:13:46]} Qxb5 {[%clk 0:14:36]} 33. Nxb5
{[%clk 0:14:14]} Rd3 {[%clk 0:14:05]} 34. cxb6 {[%clk 0:14:39]} Rb8
{[%clk 0:13:12]} 35. Bc5 {[%clk 0:14:57]} Rd5 {[%clk 0:13:25]} 36. Rfe1
{[%clk 0:15:11]} Bf8 {[%clk 0:12:13]} 37. Nd6 {[%clk 0:14:19]} Be7
{[%clk 0:11:29]} 38. Ra2 {[%clk 0:14:18]} Bd8 {[%clk 0:11:40]} 39. b7
{[%clk 0:14:35]} Rxd6 {[%clk 0:10:45]} 40. exd6 {[%clk 0:43:31]} Rxb7
{[%clk 0:40:56]} 41. Ra8 {[%clk 0:41:43]} Rd7 {[%clk 0:41:17]} 42. Bb6
{[%clk 0:42:00]} 1-0

[Event "World Chess Olympiad 2018"]
[Site "Batumi"]
[Date "2018.10.03"]
[Round "9"]
[Board "3"]
[WhiteFideId "11800046"]
[White "Grassi Enrico"]
[BlackFideId "7603495"]
[Black "Koniahli Malek."]
[Result "0-1"]
[LiveChessVersion "1.4.8"]
[BlackElo "2328"]
[WhiteElo "1965"]

1. e4 {[%clk 1:30:56]} c5 {[%clk 1:30:48]} 2. d4 {[%clk 1:31:02]} cxd4
{[%clk 1:31:13]} 3. c3 {[%clk 1:31:26]} dxc3 {[%clk 1:31:40]} 4. Nxc3
{[%clk 1:31:50]} Nc6 {[%clk 1:31:35]} 5. Nf3 {[%clk 1:32:13]} d6 {[%clk 1:31:46]}
6. Bc4 {[%clk 1:32:39]} Nf6 {[%clk 1:31:53]} 7. O-O {[%clk 1:32:42]} a6
{[%clk 1:27:31]} 8. Qe2 {[%clk 1:32:50]} Bg4 {[%clk 1:27:46]} 9. Rd1
{[%clk 1:33:02]} e5 {[%clk 1:21:04]} 10. Be3 {[%clk 1:27:16]} Be7
{[%clk 1:21:07]} 11. h3 {[%clk 1:20:38]} Bh5 {[%clk 1:21:20]} 12. Rac1
{[%clk 1:14:07]} O-O {[%clk 1:19:22]} 13. a3 {[%clk 1:06:20]} Rc8
{[%clk 1:16:33]} 14. b4 {[%clk 1:04:31]} Bxf3 {[%clk 1:02:47]} 15. gxf3
{[%clk 1:00:20]} Nh5 {[%clk 0:59:54]} 16. Nd5 {[%clk 0:59:21]} Bg5
{[%clk 0:58:30]} 17. Rc2 {[%clk 0:54:49]} Bf4 {[%clk 0:48:07]} 18. Kh1
{[%clk 0:46:56]} Qh4 {[%clk 0:46:45]} 19. Qf1 {[%clk 0:45:58]} Bxe3
{[%clk 0:46:24]} 20. Nxe3 {[%clk 0:45:36]} Nd4 {[%clk 0:46:06]} 21. Nf5
{[%clk 0:44:49]} Nxf5 {[%clk 0:45:55]} 22. exf5 {[%clk 0:45:03]} b5
{[%clk 0:45:23]} 23. Bb3 {[%clk 0:43:53]} Nf4 {[%clk 0:45:18]} 24. Kh2
{[%clk 0:43:40]} Rxc2 {[%clk 0:45:27]} 25. Bxc2 {[%clk 0:43:56]} d5
{[%clk 0:45:43]} 26. Rd2 {[%clk 0:42:10]} Nxh3 {[%clk 0:44:59]} 0-1

[Event "World Chess Olympiad 2018"]
[Site "Batumi"]
[Date "2018.10.03"]
[Round "9"]
[Board "4"]
[WhiteFideId "7601875"]
[White "Eiti Bashir"]
[BlackFideId "11800038"]
[Black "Righi Ezio"]
[Result "1-0"]
[LiveChessVersion "1.4.8"]
[BlackElo "2031"]
[WhiteElo "2259"]

1. Nf3 {[%clk 1:30:27]} Nf6 {[%clk 1:30:28]} 2. d4 {[%clk 1:30:31]} g6
{[%clk 1:29:56]} 3. Bg5 {[%clk 1:27:59]} Bg7 {[%clk 1:29:30]} 4. Nbd2
{[%clk 1:28:13]} d5 {[%clk 1:28:26]} 5. e3 {[%clk 1:27:39]} O-O {[%clk 1:27:01]}
6. Bd3 {[%clk 1:24:00]} Nbd7 {[%clk 1:24:21]} 7. O-O {[%clk 1:23:49]} b6
{[%clk 1:17:08]} 8. c4 {[%clk 1:14:59]} c5 {[%clk 1:14:46]} 9. cxd5
{[%clk 1:07:18]} cxd4 {[%clk 1:12:13]} 10. Nxd4 {[%clk 0:58:21]} Ne5
{[%clk 1:08:19]} 11. Bxf6 {[%clk 0:49:56]} exf6 {[%clk 1:04:15]} 12. Bc2
{[%clk 0:22:01]} f5 {[%clk 0:53:11]} 13. Bb3 {[%clk 0:14:38]} Ba6
{[%clk 0:51:36]} 14. Re1 {[%clk 0:08:49]} Nd3 {[%clk 0:49:36]} 15. Qe2
{[%clk 0:07:58]} Re8 {[%clk 0:39:24]} 16. Nc6 {[%clk 0:06:56]} Qd6
{[%clk 0:39:27]} 17. Red1 {[%clk 0:05:26]} Qf6 {[%clk 0:33:42]} 18. Bc4
{[%clk 0:05:04]} Bxc4 {[%clk 0:29:45]} 19. Nxc4 {[%clk 0:05:29]} Nxb2
{[%clk 0:29:48]} 20. Nxb2 {[%clk 0:05:33]} Qxb2 {[%clk 0:28:40]} 21. Qxb2
{[%clk 0:05:59]} Bxb2 {[%clk 0:29:04]} 22. Rab1 {[%clk 0:06:20]} Bf6
{[%clk 0:29:13]} 23. g3 {[%clk 0:03:10]} Kg7 {[%clk 0:28:32]} 24. Rbc1
{[%clk 0:03:04]} b5 {[%clk 0:26:12]} 25. d6 {[%clk 0:02:47]} Bd8 {[%clk 0:26:16]}
26. d7 {[%clk 0:02:45]} Rf8 {[%clk 0:25:56]} 27. Nd4 {[%clk 0:02:56]} a6
{[%clk 0:25:29]} 28. Rc8 {[%clk 0:02:59]} Bb6 {[%clk 0:23:20]} 29. Rdc1
{[%clk 0:03:25]} Ra7 {[%clk 0:22:28]} 30. Rxf8 {[%clk 0:03:28]} 1-0

[Event "World Chess Olympiad 2018"]
[Site "Batumi"]
[Date "2018.10.03"]
[Round "9"]
[Board "1"]
[WhiteFideId "7200013"]
[White "Rodgaard John"]
[BlackFideId "11700599"]
[Black "Farazi Khaiber"]
[Result "0-1"]
[LiveChessVersion "1.4.8"]
[BlackElo "2064"]
[WhiteElo "2331"]

1. Nf3 {[%clk 1:30:53]} Nf6 {[%clk 1:30:52]} 2. c4 {[%clk 1:30:59]} g6
{[%clk 1:31:16]} 3. Nc3 {[%clk 1:30:10]} Bg7 {[%clk 1:31:39]} 4. e4
{[%clk 1:30:14]} d6 {[%clk 1:32:02]} 5. d4 {[%clk 1:30:08]} O-O {[%clk 1:32:01]}
6. Be2 {[%clk 1:30:11]} e5 {[%clk 1:32:17]} 7. O-O {[%clk 1:30:20]} Nc6
{[%clk 1:32:26]} 8. d5 {[%clk 1:30:14]} Ne7 {[%clk 1:31:26]} 9. Ne1
{[%clk 1:30:15]} Nd7 {[%clk 1:29:04]} 10. Be3 {[%clk 1:29:54]} f5
{[%clk 1:29:09]} 11. f3 {[%clk 1:30:17]} f4 {[%clk 1:29:17]} 12. Bf2
{[%clk 1:30:35]} g5 {[%clk 1:29:14]} 13. a4 {[%clk 1:30:37]} Ng6 {[%clk 1:27:20]}
14. a5 {[%clk 1:28:00]} Rf7 {[%clk 1:23:26]} 15. Nb5 {[%clk 1:08:39]} Nf6
{[%clk 1:22:56]} 16. c5 {[%clk 1:01:28]} Bf8 {[%clk 1:06:28]} 17. cxd6
{[%clk 0:51:00]} cxd6 {[%clk 1:05:23]} 18. Bxa7 {[%clk 0:29:03]} Bd7
{[%clk 0:49:36]} 19. Bb6 {[%clk 0:28:23]} Qe7 {[%clk 0:47:32]} 20. Nc7
{[%clk 0:27:37]} Rc8 {[%clk 0:45:53]} 21. Rc1 {[%clk 0:25:43]} g4
{[%clk 0:45:20]} 22. Nd3 {[%clk 0:18:13]} g3 {[%clk 0:43:18]} 23. Ne6
{[%clk 0:15:51]} gxh2+ {[%clk 0:39:42]} 24. Kxh2 {[%clk 0:13:08]} Nh5
{[%clk 0:38:00]} 25. Rxc8 {[%clk 0:09:16]} Qh4+ {[%clk 0:36:02]} 26. Kg1
{[%clk 0:09:45]} Bxc8 {[%clk 0:34:26]} 27. Nf2 {[%clk 0:07:05]} Ng3
{[%clk 0:30:30]} 28. Re1 {[%clk 0:07:24]} Qh5 {[%clk 0:25:10]} 29. Qc2
{[%clk 0:06:41]} Bd7 {[%clk 0:24:59]} 30. Rc1 {[%clk 0:06:06]} Nh4
{[%clk 0:21:15]} 31. Bd8 {[%clk 0:05:56]} Be7 {[%clk 0:09:22]} 32. Bxe7
{[%clk 0:06:02]} Rxe7 {[%clk 0:09:12]} 33. Qd3 {[%clk 0:06:07]} Qg6
{[%clk 0:07:25]} 34. Bf1 {[%clk 0:06:06]} Nxf1 {[%clk 0:06:48]} 35. Kxf1
{[%clk 0:03:48]} Qxg2+ {[%clk 0:06:07]} 36. Ke2 {[%clk 0:04:16]} Nxf3
{[%clk 0:05:19]} 37. Rc7 {[%clk 0:02:43]} Nd4+ {[%clk 0:04:43]} 38. Ke1
{[%clk 0:02:44]} Qg1+ {[%clk 0:04:21]} 39. Qf1 {[%clk 0:02:35]} Nf3+
{[%clk 0:03:57]} 40. Ke2 {[%clk 0:33:03]} Bb5+ {[%clk 0:34:14]} 41. Kxf3
{[%clk 0:33:29]} Qg3# {[%clk 0:34:37]} 0-1